000 01587cam a2200445 i 4500
001 1142
005 20230815112932.0
008 140206s2014 nyua b 000 1 eng c
020 _a9780545638418
020 _a0545638410 (pbk.)
020 _a0545638429 (hardcover)
020 _z0545638933 (ebook)
040 _aNJQ/DLC
_beng
_cNJQ
_erda
_dDLC
050 0 0 _aPZ8.J539
_bLi 2014
082 0 4 _a[Fic]
_223
100 1 _aJones, Noah
245 1 0 _aLittle Red Quacking Hood /
_cby Noah Z. Jones.
250 _aFirst Scholastic printing, September 2014
260 _bScholastic
300 _a72 pages, 2 unnumbered pages :
_bcolor illustrations ;
_c20 cm.
490 0 _aBranches
490 0 _aPrincess Pink and the Land of Fake-Believe ;
_v2
505 _aK
520 _aIn her second adventure in the Land of Fake-Believe, Princess Pink meets Scaredy-Pants Wolf, a baker whose business has been robbed by Little Red Quacking Hood--and to save the bakery Princess must figure out why the ducks are suddenly so interested in pies.
521 _a510
_bLexile
521 _aK
_bRaz-Plus
650 0 _aFairy tales.
650 0 _aBakers
_vJuvenile fiction.
650 0 _aWolves
_vJuvenile fiction.
650 0 _aDucks
_vJuvenile fiction.
650 0 _aHumorous stories.
650 1 _aFairy tales.
650 1 _aHumorous stories.
650 1 _aBakers and bakeries
_vFiction.
650 1 _aWolves
_vFiction.
650 1 _aDucks
_vFiction.
655 7 _aHumorous fiction.
_2gsafd
906 _a7
_bcbc
_corignew
_d1
_eecip
_f20
_gy-gencatlg
942 _2ddc
_cBK
_n0
999 _c1142
_d1142